00208nam a2200073Ia 4500008004100000082001600041100002300057245005400080240331s9999 xx 000 0 und d a294.38bPER aPerera, M.Theodore 4athe Dhammapada :bYamaka Vagga and Appamada Vagga